Revista Foro Jurd̕ico

Bibliographic Details
Format: eBook
Language:Spanish
Published: Lima: Pontificia Universidad Catolica del Peru, 2002 -
Subjects:
Online Access:Acceso restringido

MARC

LEADER 00000nam a22000007a 4500
005 20190915144627.0
007 cr|||| |||
008 190915c20029999pe ar|w s|||| 0|||b1spa d
022 |a 2414-1720 
035 |a 22070 
040 |a vLex 
090 |c 9528  |d 9528 
245 0 0 |a Revista Foro Jurd̕ico  |h [Recurso electrn̤ico] / 
256 |a Servicio en ln̕ea 
260 |a Lima:  |b Pontificia Universidad Catolica del Peru,  |c 2002 - 
300 |a 1 recurso electrn̤ico 
310 |a Anual 
362 |a Nð 1 (Ene. 2002) - 
506 1 |a Disponible solo en los productos indicados  |d vLex Global  |d vLex Global (Academic Edition, excluding Law Schools)  |d vLex Global (U.S. Academic Edition, Law Schools)  |d vLex Global (U.S. Academic Edition, excluding Law Schools)  |d vLex Global (Academic Edition, Law Schools) 
650 0 4 |a Derecho Civil  |z Per︢ 
740 0 |a vLex Revistas (Servicio en ln̕ea) 
856 4 0 |u http://vlex.com/source/revista-foro-juridico-22070  |z Acceso restringido 
942 |c REV 
999 0 |a Civil Law